[Event "73rd ARM-chW Highest League 2018"]
[Site "Yerevan"]
[Date "2018.01.15"]
[Round "4"]
[White "Galojan, Lilit"]
[Black "Gaboyan, Susanna"]
[Result "0-1"]
[WhiteElo "2300"]
[BlackElo "2168"]
[Annotator "RC"]
[PlyCount "106"]
[EventDate "2018.??.??"]
[EventType "tourn"]
[EventCountry "ARM"]
[SourceTitle "playchess.com"]
[Source "ChessBase"]
[SourceQuality "1"]
[TimeControl "40/5400+30:1800+30"]

1. c4 {[%emt 0:00:00]} e6 {[%emt 0:04:20]} 2. d4 {[%emt 0:02:03]} d5 {[%emt 0:00:11]} 3. Nc3 {[%emt 0:02:49]} c5 {[%emt 0:00:25]} 4. cxd5 {[%emt 0:00:09]} exd5 {[%emt 0:00:04]} 5. Nf3 {[%emt 0:00:09]} Nc6 {[%emt 0:00:07]} 6. g3 {[%emt 0:03:55]} c4 {[%emt 0:00:37]} 7. Bg2 {[%emt 0:00:24]} Bb4 {[%emt 0:00:23]} 8. O-O {[%emt 0:00:26]} Nge7 {[%emt 0:00:21]} 9. a3 {[%emt 0:07:51]} Ba5 {[%emt 0:01:00]} 10. b4 {[%emt 0:04:48]} Bb6 {[%emt 0:09:07]} 11. Ra2 {[%emt 0:16:49]} Bg4 {[%emt 0:06:09]} 12. Rd2 {[%emt 0:02:47]} O-O {[%emt 0:01:07]} 13. Ne1 {[%emt 0:05:17]} Qd7 {[%emt 0:04:36]} 14. Nc2 {[%emt 0:02:21]} Rad8 {[%emt 0:03:45]} 15. Re1 {[%emt 0:09:48]} Bh3 {[%emt 0:09:15]} 16. Bh1 {[%emt 0:09:52]} f5 {[%emt 0:02:39]} 17. e3 {[%emt 0:04:58]} Rf6 {[%emt 0:10:03]} 18. a4 {[%emt 0:00:58]} Bc7 {[%emt 0:02:58]} 19. b5 {[%emt 0:05:20]} Na5 {[%emt 0:01:26]} 20. Ba3 {[%emt 0:00:05]} Bg4 {[%emt 0:05:21]} 21. Rde2 {[%emt 0:02:38]} Bxe2 {[%emt 0:01:33]} 22. Qxe2 {[%emt 0:00:47]} Bd6 {[%emt 0:02:55]} 23. Nxd5 {[%emt 0:00:40]} Rff8 {[%emt 0:02:38]} 24. Bxd6 {[%emt 0:08:25]} Qxd6 {[%emt 0:00:19]} 25. Nc3 {[%emt 0:05:41]} Kh8 {[%emt 0:01:35]} 26. Rd1 {[%emt 0:00:57]} Rfe8 {[%emt 0:05:18]} 27. d5 {[%emt 0:01:22]} Rd7 {[%emt 0:05:30]} 28. Qh5 {[%emt 0:01:55]} g6 {[%emt 0:02:38]} 29. Qh4 {[%emt 0:00:15]} Qe5 {[%emt 0:00:53]} 30. Qd4 {[%emt 0:00:54]} Qxd4 {[%emt 0:02:48]} 31. Rxd4 {[%emt 0:00:21]} Nc8 {[%emt 0:00:28]} 32. f3 {[%emt 0:00:25]} Nd6 {[%emt 0:01:57]} 33. Rd1 {[%emt 0:00:28]} Nb3 {[%emt 0:00:46]} 34. Kf2 {[%emt 0:00:22]} Rde7 {[%emt 0:00:54]} 35. Bg2 {[%emt 0:00:15]} a6 {[%emt 0:03:07]} 36. Bf1 {[%emt 0:00:20]} Kg7 {[%emt 0:03:09]} 37. Be2 {[%emt 0:01:13]} Nc5 {[%emt 0:01:41]} 38. Rd4 {[%emt 0:00:33]} Rc8 {[%emt 0:01:49]} 39. Na3 {[%emt 0:00:35]} Nb3 {[%emt 0:00:39]} 40. Rd1 {[%emt 0:00:00]} g5 {[%emt 0:03:06]} 41. Nc2 {[%emt 0:09:15]} h5 {[%emt 0:01:26]} 42. h4 {[%emt 0:04:53]} gxh4 {[%emt 0:07:31]} 43. gxh4 {[%emt 0:00:03]} Kf6 {[%emt 0:00:11]} 44. Rg1 {[%emt 0:05:00]} Rg7 {[%emt 0:00:28]} 45. Rxg7 {[%emt 0:00:15]} Kxg7 {[%emt 0:00:07]} 46. bxa6 {[%emt 0:00:15]} bxa6 {[%emt 0:00:13]} 47. e4 {[%emt 0:00:06]} Kf6 {[%emt 0:01:54]} 48. Ke3 {[%emt 0:03:27]} Re8 {[%emt 0:04:27]} 49. Nb4 {[%emt 0:06:06]} fxe4 {[%emt 0:07:21]} 50. fxe4 {[%emt 0:00:34]} Nc5 {[%emt 0:00:08]} 51. Bf3 {[%emt 0:01:36]} Nf5+ {[%emt 0:05:11]} 52. Kf4 {[%emt 0:00:06]} a5 {[%emt 0:00:27]} 53. d6 {[%emt 0:03:29]} Ne6# {[%emt 0:01:54]} 0-1

[Event "73rd ARM-chW Highest League 2018"]
[Site "Yerevan"]
[Date "2018.01.15"]
[Round "4"]
[White "Gevorgyan, Maria"]
[Black "Mkrtchyan, Mariam"]
[Result "0-1"]
[WhiteElo "2258"]
[BlackElo "1834"]
[Annotator "RC"]
[PlyCount "184"]
[EventDate "2018.??.??"]
[EventType "tourn"]
[EventCountry "ARM"]
[SourceTitle "playchess.com"]
[Source "ChessBase"]
[SourceQuality "1"]
[TimeControl "40/5400+30:1800+30"]

1. e4 {[%emt 0:03:18]} c6 {[%emt 0:00:11]} 2. f4 {[%emt 0:00:04]} d5 {[%emt 0:00:26]} 3. e5 {[%emt 0:00:08]} c5 {[%emt 0:03:36]} 4. c3 {[%emt 0:00:17]} Nc6 {[%emt 0:00:33]} 5. Nf3 {[%emt 0:00:52]} Bg4 {[%emt 0:02:38]} 6. Be2 {[%emt 0:01:36]} e6 {[%emt 0:00:27]} 7. d3 {[%emt 0:01:46]} Nh6 {[%emt 0:05:58]} 8. O-O {[%emt 0:04:33]} Nf5 {[%emt 0:01:27]} 9. Na3 {[%emt 0:00:05]} Be7 {[%emt 0:03:20]} 10. Nc2 {[%emt 0:00:13]} O-O {[%emt 0:01:34]} 11. Ne3 {[%emt 0:00:27]} Nxe3 {[%emt 0:04:35]} 12. Bxe3 {[%emt 0:00:09]} d4 {[%emt 0:12:01]} 13. Bf2 {[%emt 0:05:08]} dxc3 {[%emt 0:05:28]} 14. bxc3 {[%emt 0:00:11]} Qd7 {[%emt 0:01:54]} 15. h3 {[%emt 0:10:00]} Bf5 {[%emt 0:02:56]} 16. Nh4 {[%emt 0:05:53]} Bxh4 {[%emt 0:03:56]} 17. Bxh4 {[%emt 0:00:10]} h6 {[%emt 0:00:45]} 18. Kh2 {[%emt 0:02:34]} Ne7 {[%emt 0:02:27]} 19. Rf3 {[%emt 0:04:03]} Nd5 {[%emt 0:04:57]} 20. Qd2 {[%emt 0:00:40]} b5 {[%emt 0:06:00]} 21. Rg1 {[%emt 0:00:26]} b4 {[%emt 0:07:42]} 22. c4 {[%emt 0:15:22]} Nc3 {[%emt 0:02:41]} 23. g4 {[%emt 0:03:36]} Bh7 {[%emt 0:01:22]} 24. Bf1 {[%emt 0:01:04]} Qd4 {[%emt 0:09:08]} 25. Rg2 {[%emt 0:06:32]} Rac8 {[%emt 0:02:41]} 26. Qe1 {[%emt 0:07:52]} Rfe8 {[%emt 0:02:19]} 27. Bf2 {[%emt 0:04:54]} Qd7 {[%emt 0:00:28]} 28. Be3 {[%emt 0:00:06]} Kh8 {[%emt 0:01:53]} 29. Bc1 {[%emt 0:02:01]} Na4 {[%emt 0:02:16]} 30. h4 {[%emt 0:01:41]} Rf8 {[%emt 0:03:44]} 31. Rfg3 {[%emt 0:02:44]} Qd4 {[%emt 0:03:57]} 32. Be3 {[%emt 0:04:42]} Qc3 {[%emt 0:00:08]} 33. Qd1 {[%emt 0:00:23]} Nb2 {[%emt 0:01:51]} 34. Qb1 {[%emt 0:00:06]} Nxd3 {[%emt 0:00:57]} 35. f5 {[%emt 0:06:33]} Nxe5 {[%emt 0:00:55]} 36. Bg1 {[%emt 0:00:54]} Nxg4+ {[%emt 0:00:35]} 37. Rxg4 {[%emt 0:00:36]} Bxf5 {[%emt 0:00:04]} 38. Qd1 {[%emt 0:00:03]} Bxg4 {[%emt 0:00:23]} 39. Qxg4 {[%emt 0:00:01]} Qe5+ {[%emt 0:00:24]} 40. Kh1 {[%emt 0:00:00]} Rfd8 {[%emt 0:01:08]} 41. Bh2 {[%emt 0:03:15]} Qf6 {[%emt 0:08:26]} 42. Rg1 {[%emt 0:00:11]} Rd4 {[%emt 0:00:37]} 43. Qg3 {[%emt 0:02:56]} Rxh4 {[%emt 0:02:40]} 44. Bd3 {[%emt 0:01:09]} Rd4 {[%emt 0:02:17]} 45. Qe3 {[%emt 0:00:44]} Rcd8 {[%emt 0:03:14]} 46. Be2 {[%emt 0:00:55]} Qh4 {[%emt 0:06:06]} 47. Rg2 {[%emt 0:00:46]} Qe1+ {[%emt 0:02:50]} 48. Rg1 {[%emt 0:00:17]} Qh4 {[%emt 0:00:06]} 49. Rg2 {[%emt 0:00:04]} Re4 {[%emt 0:04:20]} 50. Qf3 {[%emt 0:00:07]} Qe1+ {[%emt 0:00:49]} 51. Bf1 {[%emt 0:00:05]} f5 {[%emt 0:01:21]} 52. Rg1 {[%emt 0:00:15]} Qc3 {[%emt 0:01:15]} 53. Qh5 {[%emt 0:00:21]} Qf6 {[%emt 0:00:49]} 54. Rg6 {[%emt 0:00:22]} Rh4 {[%emt 0:01:13]} 55. Rxf6 {[%emt 0:00:16]} Rxh5 {[%emt 0:00:01]} 56. Rxe6 {[%emt 0:00:13]} Rd1 {[%emt 0:00:16]} 57. Kg2 {[%emt 0:00:09]} Rxh2+ {[%emt 0:00:29]} 58. Kxh2 {[%emt 0:00:01]} Rxf1 {[%emt 0:00:01]} 59. Rc6 {[%emt 0:00:07]} Rf2+ {[%emt 0:00:09]} 60. Kg3 {[%emt 0:00:01]} Rxa2 {[%emt 0:00:07]} 61. Rxc5 {[%emt 0:00:04]} b3 {[%emt 0:01:37]} 62. Rb5 {[%emt 0:00:52]} Rc2 {[%emt 0:00:04]} 63. Kf4 {[%emt 0:01:01]} Rxc4+ {[%emt 0:00:31]} 64. Kxf5 {[%emt 0:00:02]} Kh7 {[%emt 0:00:42]} 65. Rxb3 {[%emt 0:00:06]} a5 {[%emt 0:00:27]} 66. Rb6 {[%emt 0:00:10]} a4 {[%emt 0:00:24]} 67. Ra6 {[%emt 0:00:04]} h5 {[%emt 0:00:13]} 68. Kg5 {[%emt 0:00:05]} h4 {[%emt 0:00:04]} 69. Rd6 {[%emt 0:00:43]} Rb4 {[%emt 0:02:13]} 70. Rd3 {[%emt 0:00:44]} Kg8 {[%emt 0:01:00]} 71. Kg6 {[%emt 0:00:05]} Rg4+ {[%emt 0:00:41]} 72. Kh5 {[%emt 0:00:29]} Rc4 {[%emt 0:00:56]} 73. Kg6 {[%emt 0:00:07]} Kf8 {[%emt 0:00:19]} 74. Rf3+ {[%emt 0:00:20]} Ke7 {[%emt 0:00:03]} 75. Kxg7 {[%emt 0:00:06]} Rg4+ {[%emt 0:00:44]} 76. Kh6 {[%emt 0:00:05]} Kd6 {[%emt 0:00:03]} 77. Kh5 {[%emt 0:00:35]} Rc4 {[%emt 0:00:08]} 78. Rf8 {[%emt 0:00:51]} Kc5 {[%emt 0:00:23]} 79. Rb8 {[%emt 0:00:04]} h3 {[%emt 0:01:15]} 80. Kg5 {[%emt 0:00:04]} a3 {[%emt 0:00:34]} 81. Rc8+ {[%emt 0:01:38]} Kb4 {[%emt 0:00:13]} 82. Rb8+ {[%emt 0:00:13]} Ka4 {[%emt 0:00:23]} 83. Ra8+ {[%emt 0:00:42]} Kb3 {[%emt 0:00:04]} 84. Rb8+ {[%emt 0:00:02]} Kc2 {[%emt 0:00:49]} 85. Ra8 {[%emt 0:00:25]} Rc3 {[%emt 0:00:09]} 86. Kg4 {[%emt 0:00:05]} Kb2 {[%emt 0:00:04]} 87. Rb8+ {[%emt 0:02:39]} Rb3 {[%emt 0:00:07]} 88. Re8 {[%emt 0:00:35]} a2 {[%emt 0:00:25]} 89. Re2+ {[%emt 0:00:05]} Ka3 {[%emt 0:00:09]} 90. Re1 {[%emt 0:00:04]} Rb1 {[%emt 0:00:11]} 91. Re3+ {[%emt 0:00:03]} Kb4 {[%emt 0:00:11]} 92. Re4+ {[%emt 0:00:12]} Kc5 {[%emt 0:00:02]} 0-1

[Event "73rd ARM-chW Highest League 2018"]
[Site "Yerevan"]
[Date "2018.01.15"]
[Round "4"]
[White "Gevorgyan, Maria"]
[Black "Mkrtchyan, Mariam"]
[Result "*"]
[WhiteElo "2258"]
[BlackElo "1834"]
[Annotator "TA"]
[PlyCount "25"]
[EventDate "2018.??.??"]
[EventType "tourn"]
[EventCountry "ARM"]
[SourceTitle "playchess.com"]
[Source "ChessBase"]
[SourceQuality "1"]

{[%evp 5,5,-2]} 1. e4 c6 2. f4 d5 3. e5 {Predecessor:} Bf5 $146 4. Nf3 e6 5. d4 Nh6 6. Nc3 Bg4 7. Bd3 Nf5 8. Bxf5 Bxf5 9. O-O Be7 10. a4 c5 11. Be3 c4 12. Ne2 h5 13. Ng3 {0-1 (50) Short,N (2688)-Eljanov,P (2755) Malmo 2017} *

[Event "73rd ARM-chW Highest League 2018"]
[Site "Yerevan"]
[Date "2018.01.15"]
[Round "4"]
[White "Kursova, Maria"]
[Black "Arakelyan, Nare"]
[Result "1-0"]
[WhiteElo "2249"]
[BlackElo "1747"]
[Annotator "NA RC"]
[PlyCount "55"]
[EventDate "2018.??.??"]
[EventType "tourn"]
[EventCountry "ARM"]
[SourceTitle "playchess.com"]
[Source "ChessBase"]
[SourceQuality "1"]
[TimeControl "40/5400+30:1800+30"]

1. d4 {[%emt 0:00:00]} Nf6 {[%emt 0:00:08]} 2. Nf3 {[%emt 0:00:00]} g6 {[%emt 0:00:19]} 3. c4 {[%emt 0:00:00]} Bg7 {[%emt 0:00:12]} 4. g3 {[%emt 0:00:10]} O-O {[%emt 0:00:09]} 5. Bg2 {[%emt 0:00:07]} d6 {[%emt 0:00:12]} 6. Nc3 {[%emt 0:00:20]} Nbd7 {[%emt 0:00:17]} 7. O-O {[%emt 0:00:25]} e5 {[%emt 0:00:54]} 8. e4 {[%emt 0:01:10]} exd4 {[%emt 0:00:12]} 9. Nxd4 {[%emt 0:00:06]} Re8 {[%emt 0:00:11]} 10. h3 {[%emt 0:09:54]} a6 {[%emt 0:00:28]} 11. Be3 {[%emt 0:05:30]} Rb8 {[%emt 0:00:20]} 12. b3 {[%emt 0:12:45]} c5 {[%emt 0:09:21]} 13. Nde2 {[%emt 0:00:30] E68: King's Indian: Fianchetto: 6...Nbd7 7 0-0 e5 8 e4} b5 $1 {[%emt 0:12:36]} 14. Qxd6 {[%emt 0:03:58]} b4 {[%emt 0:00:06]} 15. Na4 {[%emt 0:01:12]} Nxe4 {[%emt 0:01:35]} 16. Bxe4 {[%emt 0:00:45]} Bxa1 {[%emt 0:04:15]} (16... Rxe4 17. Rad1 Qe8 18. Nxc5 Rxe3 19. Nxd7 Rxe2 20. Nxb8 Bxh3 {½-½ (35) Grischuk,A (2779)-Mamedyarov,S (2753) Khanty-Mansiysk 2013}) 17. Rxa1 {[%emt 0:00:35]} Rxe4 {[%emt 0:01:27] LiveBook: 12 Games} 18. Nxc5 {[%emt 0:01:36]} Re8 {[%emt 0:22:18]} 19. Rd1 {[%emt 0:02:03]} Qa5 {[%emt 0:02:16]} 20. Nxd7 {[%emt 0:14:38]} Bxd7 {[%emt 0:00:18]} 21. Qxd7 {[%emt 0:00:28]} Qxa2 {[%emt 0:12:26]} 22. Qd3 {[%emt 0:11:47]} a5 $2 {[%emt 0:05:06]} (22... Qb2 23. Nf4 Qc3) 23. Nf4 {[%emt 0:01:03]} a4 $146 {[%emt 0:04:01]} ({Predecessor:} 23... Red8 24. Nd5 a4 25. Qd4 a3 26. Ne7+ {1-0 (26) Terekhov,A (2322)-Raykhman,A (2262) Munich 2008}) 24. Nd5 {[%emt 0:00:26]} Re6 {[%emt 0:06:22]} 25. Qd4 {[%emt 0:18:26]} Qxb3 {[%emt 0:03:46]} 26. Bh6 {[%emt 0:05:17]} f6 {[%emt 0:00:18] [#]} 27. Qa7 {[%emt 0:00:58]} Qxd1+ {[%emt 0:06:13]} 28. Kh2 {[%emt 0:00:18]} 1-0

[Event "73rd ARM-chW Highest League 2018"]
[Site "Yerevan"]
[Date "2018.01.15"]
[Round "4"]
[White "Kursova, Maria"]
[Black "Arakelyan, Nare"]
[Result "*"]
[WhiteElo "2249"]
[BlackElo "1747"]
[Annotator "TA"]
[PlyCount "42"]
[EventDate "2018.??.??"]
[EventType "tourn"]
[EventCountry "ARM"]
[SourceTitle "playchess.com"]
[Source "ChessBase"]
[SourceQuality "1"]

{[%evp 17,18,36,39]} 1. d4 Nf6 2. Nf3 g6 3. c4 Bg7 4. g3 O-O 5. Bg2 d6 6. Nc3 Nbd7 7. O-O e5 8. e4 exd4 9. Nxd4 Re8 {LiveBook: 1483 Games} {Predecessor:} 10. h3 $146 Nc5 11. Re1 Bd7 12. Rb1 a5 13. b3 h6 14. Kh2 Re5 15. f4 Rh5 16. f5 gxf5 17. exf5 Bxf5 18. Nxf5 Rxf5 19. Qc2 Qd7 20. Bf4 Rh5 21. Nd5 Ng4+ {0-1 (34) Ding,L (2777)-Grischuk,A (2772) Huaian 2017} *

[Event "73rd ARM-chW Highest League 2018"]
[Site "Yerevan"]
[Date "2018.01.15"]
[Round "4"]
[White "Asatryan, Sona"]
[Black "Ghukasyan, Siranush"]
[Result "1/2-1/2"]
[WhiteElo "2111"]
[BlackElo "2166"]
[Annotator "NA RC"]
[PlyCount "90"]
[EventDate "2018.??.??"]
[EventType "tourn"]
[EventCountry "ARM"]
[SourceTitle "playchess.com"]
[Source "ChessBase"]
[SourceQuality "1"]
[TimeControl "40/5400+30:1800+30"]

1. e4 {[%emt 0:00:00]} e5 {[%emt 0:00:49]} 2. Nf3 {[%emt 0:00:00]} Nc6 {[%emt 0:00:05]} 3. Bb5 {[%emt 0:00:00]} a6 {[%emt 0:00:04]} 4. Ba4 {[%emt 0:00:00]} Nf6 {[%emt 0:00:07]} 5. O-O {[%emt 0:00:00]} Be7 {[%emt 0:00:03]} 6. d3 {[%emt 0:00:07]} b5 {[%emt 0:00:04]} 7. Bb3 {[%emt 0:00:04]} d6 {[%emt 0:00:04]} 8. a3 {[%emt 0:00:10]} O-O {[%emt 0:00:07]} 9. Nc3 {[%emt 0:00:14]} Be6 {[%emt 0:00:07] C77: Ruy Lopez: 3...a6 4 Ba4 Nf6, unusual lines} (9... Bg4 10. Be3 Nd4 11. Bxd4 exd4 12. Nd5 Nxd5 13. Bxd5 Rc8 14. Bc6 Bf6 15. a4 Rb8 16. h3 Be6 17. axb5 axb5 18. Qd2 {½-½ (31) Caruana,F (2799)-Aronian,L (2805) London 2017}) 10. Nd5 {[%emt 0:01:08]} Nd4 {[%emt 0:00:08]} 11. Nxd4 {[%emt 0:00:19]} exd4 {[%emt 0:00:06]} 12. Nxe7+ {[%emt 0:01:50]} Qxe7 {[%emt 0:00:08]} 13. Bg5 {[%emt 0:00:10]} Bxb3 {[%emt 0:05:24]} 14. cxb3 {[%emt 0:00:07]} Qe6 {[%emt 0:00:41]} 15. f4 {[%emt 0:05:32]} Nd7 {[%emt 0:02:56]} 16. f5 {[%emt 0:09:19]} Qe5 {[%emt 0:00:06]} 17. Qc1 {[%emt 0:01:55]} Qc5 $146 {[%emt 0:32:43]} 18. b4 {[%emt 0:24:38]} Qxc1 {[%emt 0:00:28]} 19. Raxc1 {[%emt 0:00:29]} Rfc8 {[%emt 0:03:17]} 20. Bf4 {[%emt 0:02:40]} Kf8 {[%emt 0:05:57]} 21. Rc6 {[%emt 0:03:41]} Ke7 {[%emt 0:00:41]} 22. Rfc1 {[%emt 0:02:57]} Kd8 {[%emt 0:00:25]} 23. Kf2 {[%emt 0:01:56]} a5 {[%emt 0:03:36]} 24. bxa5 {[%emt 0:07:49]} Nc5 {[%emt 0:00:25]} 25. R6xc5 {[%emt 0:01:42]} dxc5 {[%emt 0:00:06]} 26. Rxc5 {[%emt 0:00:24]} Rxa5 {[%emt 0:00:45]} 27. Be5 {[%emt 0:05:18]} Ra4 {[%emt 0:05:13]} 28. Rd5+ {[%emt 0:07:08]} Ke8 {[%emt 0:01:42]} 29. Bxd4 {[%emt 0:05:28]} c6 {[%emt 0:01:19]} 30. Re5+ {[%emt 0:02:02]} Kd7 {[%emt 0:00:40]} 31. Bc5 {[%emt 0:02:11]} Re8 {[%emt 0:00:18]} 32. Rxe8 {[%emt 0:00:14]} Kxe8 {[%emt 0:00:01]} 33. Ke3 {[%emt 0:03:02]} Ra8 {[%emt 0:01:39]} 34. Kf4 {[%emt 0:02:42]} Kd7 {[%emt 0:02:00]} 35. g4 {[%emt 0:02:28]} f6 {[%emt 0:00:48]} (35... Re8 $16) 36. h4 {[%emt 0:02:31]} Ke8 {[%emt 0:00:23]} 37. g5 {[%emt 0:02:25]} Kf7 {[%emt 0:00:34]} 38. b3 {[%emt 0:01:27]} fxg5+ {[%emt 0:03:41]} 39. hxg5 {[%emt 0:01:18]} g6 {[%emt 0:00:13] [#]} 40. d4 {[%emt 0:00:00]} (40. e5 $1 $18 {[%cal Re5e6]} gxf5 41. Kxf5) 40... gxf5 {[%emt 0:00:29]} 41. Kxf5 {[%emt 0:03:13]} ({Viel schwächer wäre} 41. exf5 Re8 $11) 41... Re8 $18 {[%emt 0:00:45]} (41... Rg8 $16 42. e5 Re8) 42. Bb4 {[%emt 0:02:04]} Rd8 {[%emt 0:06:56]} 43. Bc5 {[%emt 0:01:07]} Re8 {[%emt 0:00:07]} 44. Bb6 {[%emt 0:01:12]} Ra8 {[%emt 0:00:16]} 45. Bc5 {[%emt 0:00:06]} Re8 1/2-1/2

[Event "73rd ARM-chW Highest League 2018"]
[Site "Yerevan"]
[Date "2018.01.15"]
[Round "4"]
[White "Khachatryan, Anna"]
[Black "Sargsyan, Anna M."]
[Result "0-1"]
[WhiteElo "2004"]
[BlackElo "2214"]
[Annotator "NA RC"]
[PlyCount "106"]
[EventDate "2018.??.??"]
[EventType "tourn"]
[EventCountry "ARM"]
[SourceTitle "playchess.com"]
[Source "ChessBase"]
[SourceQuality "1"]
[TimeControl "40/5400+30:1800+30"]

{[%evp 24,85,38,59,85,64,119,53,120,101,116,122,121,124,115,32767,32767,32767,32767,32767,32767,32767,146,65,82,14,72,69,59,33,35,9,51,37,37,32767,31,-60,32767,32767,32767,-40,-27,-47,-36,-37,-28,-57,-4,-159,-165,32767,32767,32767,32767,-233,-277,-260,-62,-310,32767,-257,-244,-392]} 1. Nf3 {[%emt 0:00:00]} d5 {[%emt 0:00:05]} 2. g3 {[%emt 0:00:00]} c6 {[%emt 0:00:04]} 3. Bg2 {[%emt 0:00:05]} Bg4 {[%emt 0:00:06]} 4. O-O {[%emt 0:00:05]} Nd7 {[%emt 0:00:03]} 5. d3 {[%emt 0:00:23]} e6 {[%emt 0:00:08]} 6. c4 {[%emt 0:00:30]} Bd6 {[%emt 0:00:05]} 7. cxd5 {[%emt 0:00:26]} exd5 {[%emt 0:01:17]} 8. Nc3 {[%emt 0:00:47] A11: English Opening: 1...c6} Ne7 {[%emt 0:00:38]} 9. e4 {[%emt 0:00:32]} (9. Qc2 O-O 10. e4 Re8 11. h3 Bh5 12. Bg5 f6 13. Be3 Bf7 14. Rfe1 Rc8 15. Rad1 Qa5 {1-0 (26) Matlakov,M (2689)-Khismatullin,D (2651) Berlin 2015}) 9... O-O {[%emt 0:00:39]} 10. h3 {[%emt 0:12:12]} Bh5 {[%emt 0:00:31]} 11. g4 {[%emt 0:04:19]} Bg6 {[%emt 0:00:10]} 12. Nh4 {[%emt 0:00:09]} d4 $146 {[%emt 0:11:10]} ({Predecessor:} 12... dxe4 13. dxe4 Qc7 14. Nf5 Bxf5 15. exf5 Rad8 {1-0 (32) Obukhov,A (2453)-Palekha,A (2409) St Petersburg 2002}) 13. Ne2 {[%emt 0:00:45]} c5 {[%emt 0:00:06]} 14. f4 {[%emt 0:11:56]} f6 {[%emt 0:00:36]} 15. Nxg6 {[%emt 0:03:24]} hxg6 {[%emt 0:04:10]} 16. Qb3+ {[%emt 0:01:10]} Kh8 {[%emt 0:00:14]} 17. Qxb7 {[%emt 0:01:36]} c4 {[%emt 0:02:00]} 18. Qa6 {[%emt 0:16:45]} ({Stronger than} 18. Nxd4 Bc5 $11) ({Not} 18. dxc4 Rb8 $17) 18... Nb6 {[%emt 0:02:58]} 19. Bd2 {[%emt 0:08:02]} Rc8 {[%emt 0:04:16]} 20. Ba5 {[%emt 0:08:50]} Qd7 {[%emt 0:12:28]} 21. Bxb6 {[%emt 0:04:03]} axb6 {[%emt 0:00:39]} 22. dxc4 {[%emt 0:01:32]} Rc5 {[%emt 0:05:34]} (22... g5 $11) 23. b4 {[%emt 0:05:11]} ({Of course not} 23. Nxd4 $6 Ra5 $11) ({Much worse is} 23. Qxb6 $6 Rb8 $11) 23... Rc7 {[%emt 0:00:05]} 24. Qb5 {[%emt 0:01:18]} (24. Rad1 $16 Bxb4 25. Nc1 (25. Qxb6 Bc5 $15)) 24... Qxb5 {[%emt 0:00:36]} (24... d3 $1 $11 25. Qxd7 Rxd7) 25. cxb5 {[%emt 0:00:01]} Bxb4 {[%emt 0:00:10]} 26. Rfd1 {[%emt 0:00:46]} ({Not} 26. Nxd4 $2 Bc5 $19) 26... Rd8 {[%emt 0:03:18]} 27. Rd3 {[%emt 0:02:39]} ({Don't go for} 27. Rxd4 $2 Bc5 $19) 27... Rc2 {[%emt 0:01:53]} 28. Kf1 {[%emt 0:00:35]} Bc5 {[%emt 0:00:05]} 29. Rad1 {[%emt 0:05:35]} g5 {[%emt 0:05:31]} 30. R1d2 {[%emt 0:05:29]} (30. f5 $11) 30... Rxd2 {[%emt 0:01:27]} 31. Rxd2 {[%emt 0:00:01]} Ng6 {[%emt 0:00:10]} 32. fxg5 {[%emt 0:03:28]} fxg5 {[%emt 0:00:05]} 33. Nc1 Rf8+ {[%emt 0:05:28]} 34. Rf2 {[%emt 0:02:18]} Nf4 {[%emt 0:00:04]} 35. Nb3 {[%emt 0:02:04]} Rc8 {[%emt 0:00:02]} 36. Rd2 $2 {[%emt 0:00:22]} ({White should play} 36. Rc2 $11) 36... d3 {[%emt 0:00:28]} 37. e5 {[%emt 0:00:24]} Be3 {[%emt 0:00:12]} 38. Rd1 {[%emt 0:00:08]} Rc2 {[%emt 0:00:13]} 39. Be4 {[%emt 0:00:56]} Rf2+ {[%emt 0:01:44]} 40. Ke1 {[%emt 0:00:00]} Re2+ $2 {[%emt 0:00:19]} (40... Rxa2 $19 41. Nd2 Kg8) 41. Kf1 {[%emt 0:00:14]} d2 {[%emt 0:00:40]} 42. Nxd2 {[%emt 0:03:57]} Rxd2 {[%emt 0:00:31]} 43. Ke1 $19 {[%emt 0:04:32]} (43. Rxd2 {is the only way for White.} Bxd2 44. Kf2) 43... Rxd1+ {[%emt 0:01:46]} 44. Kxd1 {[%emt 0:00:00]} Kg8 {[%emt 0:00:38]} 45. Kc2 {[%emt 0:00:10]} Kf7 {[%emt 0:00:08]} 46. Bf5 {[%emt 0:00:05]} Bd4 {[%emt 0:01:09]} 47. e6+ {[%emt 0:01:37]} Nxe6 {[%emt 0:00:04]} 48. Kd3 {[%emt 0:00:06]} Bf2 {[%emt 0:00:34]} 49. Kc4 {[%emt 0:00:23]} Nf4 {[%emt 0:00:20]} 50. a4 {[%emt 0:00:15]} Kf6 {[%emt 0:00:18]} 51. Kb3 {[%emt 0:01:00]} Nxh3 {[%emt 0:00:15]} 52. a5 {[%emt 0:00:07]} bxa5 {[%emt 0:00:04]} 53. Ka4 {[%emt 0:00:02]} Bb6 {[%emt 0:00:05]} 0-1

[Event "73rd ARM-chW Highest League 2018"]
[Site "Yerevan"]
[Date "2018.01.15"]
[Round "4"]
[White "Khachatryan, Anna"]
[Black "Sargsyan, Anna M."]
[Result "*"]
[WhiteElo "2004"]
[BlackElo "2214"]
[Annotator "TA"]
[PlyCount "24"]
[EventDate "2018.??.??"]
[EventType "tourn"]
[EventCountry "ARM"]
[SourceTitle "playchess.com"]
[Source "ChessBase"]
[SourceQuality "1"]

{[%evp 15,18,4,27,-1,45]} 1. Nf3 d5 2. g3 c6 3. Bg2 Bg4 4. O-O Nd7 5. d3 e6 6. c4 Bd6 7. cxd5 exd5 8. Nc3 {A11: English Opening: 1...c6} Ne7 {LiveBook: 42 Games} 9. e4 O-O {Predecessor:} 10. h3 $146 Bh5 11. exd5 cxd5 12. Be3 Ne5 {½-½ (12) Pantsulaia,L (2596)-Korneev,O (2621) Tbilisi 2013} *